000 00750nam0a22002411 4500
001 rc\748480
005 20250622120033.0
035 _a(NLR Aleph) 006277156
090 _a7011141
_c7011141
100 _a20040301d1985 |||y0rusy50 ca
101 0 _arus
102 _aRU
105 _ay |||||||||
200 1 _aВрачи предупреждают
_e[Сборник
_fСоставитель И.Г. Патока]
210 _aВоронеж
_cЦентр.-Черноземн. кн. изд-во
_d1985
215 _a47 с.
_d16
225 1 _aЧеловек и его здоровье
_vВып. 4
702 1 _aПатока
_bИ.Г.
_4220
801 0 _aRU
_bNLR
_gpsbo
801 1 _aRU
_bELAR
_2rusmarc
852 _aNLR
_j86-2/1410
942 _cBOOK
980 _aNB